Classement UFC Bantamweight Homme - Statistiques

Statistiques générales
  • Ce quiz a été pris 197 fois
    15 depuis la dernière actualisation
  • Le résultat moyen est 8 sur 16
Statistiques - réponses
Classement Nationalité Combattants % Correct
CHAMPION 🇷🇺 Petr Yan
100%
# 3 🇺🇲 Sean O'Malley
100%
# 1 🇬🇪 Merab Dvalishvili
83%
# 2 🇷🇺 Umar Nurmagomedov
83%
# 8 🇪🇨 Marlon Vera
67%
# 4 🇺🇲 Cory Sandhagen
58%
# 5 🇨🇳 Song Yadong
58%
# 6 🇧🇷 Deiveson Figueiredo
50%
# 7 🇨🇦 Aiemann Zahabi
42%
# 9 🇺🇲 Mario Bautista
42%
# 10 🇺🇲 Henry Cejudo
33%
# 15 🇺🇲 Marcus McGhee
33%
# 13 🇧🇷 Vinicius Oliveira
33%
# 11 🇲🇽 David Martinez
8%
# 14 🇺🇲 Kyler Phillips
8%
# 12 🇺🇲 Rob Font
8%
Aucun quiz correspondant
Distribution des résultats
% des personnes avec chaque résultat
Percentile par nombre de réponses
Votre historique - résultats
Vous n’avez pas pris ce quiz depuis la dernière actualisation